| 000 | 00977cam a2200313 4500 | ||
|---|---|---|---|
| 001 | 19357 | ||
| 003 | BD-RjUL | ||
| 005 | 20211209000424.0 | ||
| 008 | 140224s1965 nju b 000 0beng | ||
| 035 | _a(OCoLC)711389 | ||
| 035 | _a(OCoLC)ocm00711389 | ||
| 035 | _a(CStRLIN)NYCG85-B97439 | ||
| 035 | _a(BD-RjUL)19417 | ||
| 035 | _a(NNC)395265 | ||
| 040 |
_aBD-RjUL _cNN _dNN _dNNC _dBD-RjUL _beng |
||
| 041 | _aeng | ||
| 082 | 0 | 0 |
_a822.33 _bSHA 1965 |
| 245 | 1 | 0 |
_aShakespeare the histories : _bA collection of critical essays / _cedited by Eugene M. Waith. |
| 260 |
_aEnglewood Cliffs, N. J. : _bPrentice-Hall, _c1965. |
||
| 300 |
_a185 p. ; _c21 cm. |
||
| 490 | 1 |
_aA Spectrum book: Twentieth century views, _vS-TC-45 |
|
| 504 | _aBibliography: p. 184-185. | ||
| 600 | 1 | 0 |
_aShakespeare, William, _d1564-1616 _xHistories. _959529 |
| 830 | 0 |
_vS-TC-45. _959530 |
|
| 700 | 1 |
_aWaith, Eugene M., _956250 |
|
| 942 |
_2ddc _cBK |
||
| 999 |
_c19357 _d19357 |
||